Gray's Anaomy The Anatomical Basis of Clinical Practice (Record no. 350897)
[ view plain ]
| 000 -LEADER | |
|---|---|
| fixed length control field | 00336nam a2200121Ia 4500 |
| 008 - FIXED-LENGTH DATA ELEMENTS--GENERAL INFORMATION | |
| fixed length control field | 171211s9999 xx 000 0 und d |
| 020 ## - INTERNATIONAL STANDARD BOOK NUMBER | |
| International Standard Book Number | 9780702063060 |
| 100 ## - MAIN ENTRY--PERSONAL NAME | |
| Personal name | Standring, Susan |
| 245 ## - TITLE STATEMENT | |
| Title | Gray's Anaomy The Anatomical Basis of Clinical Practice |
| 250 ## - EDITION STATEMENT | |
| Edition statement | 41 Edition |
| 260 ## - PUBLICATION, DISTRIBUTION, ETC. (IMPRINT) | |
| Name of publisher, distributor, etc | Elsevier, Ltd. |
| Date of publication, distribution, etc | 2016 |
| 300 ## - PHYSICAL DESCRIPTION | |
| Extent | 1562 pages |
| Withdrawn status | Lost status | Damaged status | Home library | Current library | Shelving location | Date acquired | Source of acquisition | Total Checkouts | Full call number | Barcode | Date last seen | Price effective from | Koha item type |
|---|---|---|---|---|---|---|---|---|---|---|---|---|---|
| South SEED-LPDH College Library | South SEED-LPDH College Library | South SEED-LPDH College Section | 12/11/2017 | Library Fund | QM 23.2 .G791 2016 | SSLC1541 | 12/11/2017 | 12/11/2017 | Books |